|
|
|
|
| LEADER |
00637nta a2200181 i 4500 |
| 001 |
dipl123710 |
| 005 |
20220411124221.0 |
| 008 |
220304s1986 hu om 0|| zxx d |
| 040 |
|
|
|a SZTE Diploma Repozitórium
|b hun
|
| 041 |
|
|
|a zxx
|
| 100 |
1 |
|
|a Murárik Lászlóné
|
| 245 |
1 |
0 |
|a Halmazelmélet az általános iskolai geometria tanításában
|h [elektronikus dokumentum] /
|c Lászlóné Murárik
|
| 260 |
|
|
|c 1986
|
| 650 |
|
4 |
|a Természettudományok
|
| 650 |
|
4 |
|a Natural sciences
|
| 650 |
|
4 |
|a Mathematics
|
| 700 |
1 |
|
|a Szilassi Lajos
|e ths
|
| 856 |
4 |
0 |
|u http://diploma.bibl.u-szeged.hu/id/eprint/123710/1/1986_murarik_laszlone.pdf
|z Dokumentum-elérés
|